[Event "FRA-chT4 0001"]
[Site "Niort"]
[Date "2000.??.??"]
[Round "4"]
[White "Mangel, Claire"]
[Black "Marchais, Aurelie"]
[Result "0-1"]
[WhiteElo "1099"]
[BlackElo "1400"]
[PlyCount "48"]
[EventDate "2000.10.15"]
[EventType "team"]
[EventRounds "7"]
[EventCountry "FRA"]
[SourceTitle "EXT 2007"]
[Source "ChessBase"]
[SourceDate "2006.11.23"]
[SourceVersion "1"]
[SourceVersionDate "2006.11.23"]
[SourceQuality "1"]

1. e4 d6 2. c4 Nf6 3. Nc3 g6 4. d4 Bg7 5. Nf3 Nbd7 6. h3 0-0 7. Bf4 Nh5 8. Bg5 Bf6 9. Bh6 Bg7 10. Bxg7 Kxg7 11. g4 Nhf6 12. g5 Nh5 13. Rg1 e5 14. d5 Nc5 15. b4 Na6 16. Nb5 Nxb4 17. a3 Na6 18. Be2 Nf4 19. Rg3 Nxh3 20. Nh4 Nxg5 21. f3 Nxe4 22. Rg4 Bxg4 23. fxg4 Qxh4+ 24. Kf1 Qf2# 0-1